OP AMPS & Linear Integrated Circuits (Record no. 20722)

MARC details
000 -LEADER
fixed length control field 00318nam a22001217a 4500
008 - FIXED-LENGTH DATA ELEMENTS--GENERAL INFORMATION
fixed length control field 240615b |||||||| |||| 00| 0 eng d
020 ## - INTERNATIONAL STANDARD BOOK NUMBER
ISBN 81-203-2058-1
100 ## - MAIN ENTRY--AUTHOR NAME
Personal name Ramakant A Gayakwad
245 ## - TITLE STATEMENT
Title OP AMPS & Linear Integrated Circuits
260 ## - PUBLICATION, DISTRIBUTION, ETC. (IMPRINT)
Place of publication New Delhi
Name of publisher Prentice Hall
Year of publication 2003
300 ## - PHYSICAL DESCRIPTION
Number of Pages 542
942 ## - ADDED ENTRY ELEMENTS (KOHA)
Source of classification or shelving scheme Dewey Decimal Classification
Koha item type Books
Holdings
Accession Number Source of acquisition Price effective from Koha item type Withdrawn / writtenoff status Damaged status Not for loan Permanent Location Current Location Shelving location Date acquired Lost/ Missing status department
BB 1419 Donated By Dr. Ankita Nanda HOD MBA Department 06/15/2024 Books       MIET Library, Jammu MIET Library, Jammu 102/4 06/14/2024   BB